header

Traditions and contexts in the poetry of Horace (Record no. 30441)

MARC details
000 -LEADER
fixed length control field 01518nam a2200361 a 4500
082 04 - DEWEY DECIMAL CLASSIFICATION NUMBER
Classification number 874/.01
245 00 - TITLE STATEMENT
Title Traditions and contexts in the poetry of Horace
260 ## - PUBLICATION, DISTRIBUTION, ETC. (IMPRINT)
Place of publication Cambridge, U.K. ;
-- New York :
Name of publisher Cambridge University Press,
Year of publication c2002.
300 ## - PHYSICAL DESCRIPTION
Number of Pages x, 271 p.
650 #0 - SUBJECT ADDED ENTRY--TOPICAL TERM
Topical Term Influence (Literary, artistic, etc.)
Topical Term Epistolary poetry, Latin
Topical Term Laudatory poetry, Latin
Topical Term Verse satire, Latin
700 1# - ADDED ENTRY--PERSONAL NAME
Personal name Woodman, A. J.
Personal name Feeney, D. C.
856 40 - ELECTRONIC LOCATION AND ACCESS
Uniform Resource Identifier http://site.ebrary.com/lib/rucke/Doc?id=10069995

No items available.

© 2026 Rongo University
Contact us: librarian | system librarian | Rongo university